000 01039nam a2200301Ia 4500
001 53496
003 IT-RoPAU
008 130308s9999 xx 000 0 und d
040 _aIT-RoPAU
040 _cIT-RoPAU
041 _aITALIANO
100 _aMiller Fred
100 _gCodice Aut. SPICS: 16046
245 _aStudio di registrazione (Lo)
245 _bStudio di registrazione (Lo)
250 _a1a ed.
260 _aROMA
260 _bAnthropos
260 _c1987 [1° Ed.:1987 - Ed.Ling.Originale:1987]
300 _a"128 p. (prefazione: no ; testo: 128)"
500 _aPartecipanti Alla registrazione Materiale di registrazione procedure Fondamentali registrazione della Base registrazione dal vivo in Studio Missaggi Preliminari Sovraincisione Missaggio montaggio Trasferimento produttore Tecnico di registrazione Arrangiatore Musicista di Studio Strumenti di Registrazione
650 _aTECNICA MUSICALE
650 _eCodice materia Spics: 7002
942 _cBK
957 _71
999 _c73556
_d73556
999 _bSI
999 _g1